000
00311nam a2200097Ia 4500
008
171211s9999 xx 000 0 und d
245
_a
Email Architecture, Design, and Implementations, 2nd Edition
260
_c
2017
650
_x
Engineering and Technology
856
_u
http://down.ebook777.com/064/B06XRMW793.pdf
999
_c
350280
_d
350280